000 00830nam a2200253 i 4500
001 180594
003 ES-MaACL
005 20230906221136.0
008 120614s1971 sp af |||| |bspa d
080 _a75Giotto
100 1 _aGiotto.
_9150589
245 1 3 _aLa obra pictórica completa de Giotto /
_cintroducción de Giancarlo Vigorelli ; biografía y estudios críticos de Edi Baccheschi.
260 _aBarcelona :
_bNoguer,
_c[1971] (
_fRizzoli)
300 _a128 p. :
_bil. col. y n. ;
_c32 cm.
490 1 _aClásicos del arte ;
_v22
500 _aÍndices.
504 _aBibliografía: p. 82.
600 1 7 _aGiotto.
_9150589
700 1 _aVigorelli, Giancarlo.
_9114669
700 1 _aBaccheschi, Edi.
_9150590
830 0 _aClásicos del arte ;
_v22
_9191252
852 _aES-MaACL
_jL-31057
999 _c180594
_d180594